[Event "Labour Day op"]
[Site "Langley CAN"]
[Date "2011.09.03"]
[Round "2.6"]
[White "Yee, Peter"]
[Black "Wu, Howard"]
[Result "0-1"]
[WhiteElo "1854"]
[BlackElo "2104"]
[PlyCount "40"]
[GameId "2160767909648895"]
[EventDate "2011.09.03"]
[EventType "swiss"]
[EventRounds "6"]
[EventCountry "CAN"]
[SourceTitle "EXT 2022"]
[Source "ChessBase"]
[SourceDate "2021.10.06"]
[SourceVersion "1"]
[SourceVersionDate "2021.10.06"]
[SourceQuality "1"]

1. f4 d5 2. Nf3 c5 3. e3 Nc6 4. Be2 g6 5. O-O Bg7 6. d4 Nf6 7. Ne5 O-O 8. b3 Qb6 9. Bb2 cxd4 10. exd4 Ne4 11. Kh1 Nxe5 12. fxe5 f6 13. Nd2 Bf5 14. Nxe4 Bxe4 15. Qd2 fxe5 16. dxe5 Rf2 17. Rxf2 Qxf2 18. Rg1 Rf8 19. c4 Bh6 20. Qe1 Bxg2+ 0-1

[Event "Labour Day op"]
[Site "Langley CAN"]
[Date "2011.09.04"]
[Round "3.2"]
[White "Villavieja, Butch"]
[Black "McLaren, Brian"]
[Result "1-0"]
[WhiteElo "2323"]
[BlackElo "2178"]
[PlyCount "80"]
[GameId "2160767909648896"]
[EventDate "2011.09.03"]
[EventType "swiss"]
[EventRounds "6"]
[EventCountry "CAN"]
[SourceTitle "EXT 2022"]
[Source "ChessBase"]
[SourceDate "2021.10.06"]
[SourceVersion "1"]
[SourceVersionDate "2021.10.06"]
[SourceQuality "1"]

1. e4 Nf6 2. e5 Nd5 3. d4 d6 4. Nf3 dxe5 5. Nxe5 c6 6. Bc4 g6 7. Nc3 Bg7 8. Qf3 Be6 9. O-O Nd7 10. Re1 N7f6 11. Bb3 O-O 12. Ne2 a5 13. a3 a4 14. Ba2 Nd7 15. Nd3 Nc7 16. c4 Nb6 17. c5 Bd5 18. Qg3 Nd7 19. Bf4 Ne6 20. Bxd5 cxd5 21. Be5 Nb8 22. Nb4 Nc6 23. Rad1 Nc7 24. Nc3 e6 25. Bf4 Na6 26. Nxc6 bxc6 27. Nxa4 Ra7 28. Nb6 Nc7 29. a4 Na6 30. Qc3 Re8 31. b4 f6 32. b5 e5 33. Be3 Nc7 34. bxc6 Re6 35. dxe5 fxe5 36. Nxd5 e4 37. Nxc7 Qxc7 38. Qb4 Qe7 39. Bg5 Bf6 40. Bxf6 Qxf6 1-0

[Event "Labour Day op"]
[Site "Langley CAN"]
[Date "2011.09.04"]
[Round "3.3"]
[White "Herdin, Matthew"]
[Black "Pechisker, Alfred"]
[Result "0-1"]
[WhiteElo "1633"]
[BlackElo "2265"]
[PlyCount "80"]
[GameId "2160767909648897"]
[EventDate "2011.09.03"]
[EventType "swiss"]
[EventRounds "6"]
[EventCountry "CAN"]
[SourceTitle "EXT 2022"]
[Source "ChessBase"]
[SourceDate "2021.10.06"]
[SourceVersion "1"]
[SourceVersionDate "2021.10.06"]
[SourceQuality "1"]

1. e4 c5 2. Nc3 Nc6 3. g3 g6 4. Bg2 Bg7 5. Nge2 d6 6. d3 Nf6 7. O-O h5 8. Bf4 h4 9. gxh4 Rxh4 10. Bg3 Rh8 11. Nf4 Bg4 12. f3 Bd7 13. Rb1 Qa5 14. Ncd5 g5 15. Nxf6+ Bxf6 16. Nd5 Bd4+ 17. Kh1 e6 18. c3 Be5 19. Bxe5 Nxe5 20. Nf6+ Ke7 21. Nxd7 Nxd7 22. f4 Rag8 23. f5 e5 24. d4 cxd4 25. cxd4 Rh4 26. f6+ Nxf6 27. Qf3 Rg6 28. Rbc1 Rgh6 29. b4 Rxh2+ 30. Kg1 Qb6 31. Rc4 exd4 32. Rfc1 d3+ 33. Kf1 Ne8 34. Qxd3 Rf6+ 35. Ke1 Rxg2 36. Qd4 Rg1+ 37. Kd2 Qxd4+ 38. Rxd4 Rxc1 39. Kxc1 Rf2 40. Kb1 g4 0-1

[Event "Labour Day op"]
[Site "Langley CAN"]
[Date "2011.09.04"]
[Round "3.4"]
[White "Sohal, Tanraj"]
[Black "Daswani, Benedict"]
[Result "1-0"]
[WhiteElo "2201"]
[BlackElo "2023"]
[PlyCount "57"]
[GameId "2160767909648898"]
[EventDate "2011.09.03"]
[EventType "swiss"]
[EventRounds "6"]
[EventCountry "CAN"]
[SourceTitle "EXT 2022"]
[Source "ChessBase"]
[SourceDate "2021.10.06"]
[SourceVersion "1"]
[SourceVersionDate "2021.10.06"]
[SourceQuality "1"]

1. d4 Nf6 2. c4 c5 3. d5 e5 4. Nc3 d6 5. e4 Be7 6. g3 O-O 7. Bg2 Nbd7 8. Nge2 a6 9. O-O Rb8 10. a4 Ne8 11. Qc2 g6 12. f4 exf4 13. gxf4 Ng7 14. Ng3 f5 15. exf5 Nxf5 16. Nxf5 gxf5 17. Ne2 Nf6 18. Ng3 Ng4 19. h3 Bh4 20. hxg4 Bxg3 21. g5 h5 22. Qc3 h4 23. b3 Qe7 24. Bb2 Kh7 25. Rae1 Qf7 26. Re3 Bd7 27. Rfe1 Rbe8 28. Rxe8 Bxe8 29. Re6 1-0

[Event "Labour Day op"]
[Site "Langley CAN"]
[Date "2011.09.04"]
[Round "3.5"]
[White "Chan, James"]
[Black "Davidson, Brian"]
[Result "1-0"]
[WhiteElo "2086"]
[BlackElo "1729"]
[PlyCount "55"]
[GameId "2160767909648899"]
[EventDate "2011.09.03"]
[EventType "swiss"]
[EventRounds "6"]
[EventCountry "CAN"]
[SourceTitle "EXT 2022"]
[Source "ChessBase"]
[SourceDate "2021.10.06"]
[SourceVersion "1"]
[SourceVersionDate "2021.10.06"]
[SourceQuality "1"]

1. e4 c5 2. Nf3 d6 3. d4 cxd4 4. Nxd4 a6 5. Nc3 Nf6 6. Bg5 e5 7. Nf5 Bxf5 8. exf5 Be7 9. Bxf6 Bxf6 10. Nd5 Nc6 11. c3 O-O 12. Bd3 Re8 13. Be4 Rb8 14. O-O Be7 15. Qh5 h6 16. Rad1 f6 17. Rd3 Bf8 18. Rg3 Kh8 19. Qf7 Re7 20. Nxe7 Qxe7 21. Qb3 Qd7 22. Rd1 Nd8 23. Qd5 Rc8 24. b4 Qa4 25. h4 Qa3 26. Bc2 Nc6 27. Bb3 Be7 28. Qf7 1-0

[Event "Labour Day op"]
[Site "Langley CAN"]
[Date "2011.09.04"]
[Round "3.6"]
[White "Lo, Ryan"]
[Black "Hui, Jeremy"]
[Result "1-0"]
[WhiteElo "2016"]
[BlackElo "1815"]
[PlyCount "100"]
[GameId "2160767909648900"]
[EventDate "2011.09.03"]
[EventType "swiss"]
[EventRounds "6"]
[EventCountry "CAN"]
[SourceTitle "EXT 2022"]
[Source "ChessBase"]
[SourceDate "2021.10.06"]
[SourceVersion "1"]
[SourceVersionDate "2021.10.06"]
[SourceQuality "1"]

1. d4 e6 2. c4 Nf6 3. Nc3 Bb4 4. e3 b6 5. Be2 Bb7 6. Bf3 Bxf3 7. Qxf3 Na6 8. Bd2 d5 9. a3 Bxc3 10. Bxc3 O-O 11. cxd5 exd5 12. Ne2 Re8 13. h4 Ne4 14. g4 Qf6 15. Nf4 h6 16. g5 hxg5 17. hxg5 Nxg5 18. Qh5 g6 19. Nxd5 Qxf2+ 20. Kxf2 Ne4+ 21. Kf3 gxh5 22. Rag1+ Kf8 23. Rxh5 f6 24. Rh8+ Kf7 25. Rh7+ Kf8 26. Nxc7 Nxc7 27. Bb4+ Nc5 28. Rxc7 a5 29. Bxc5+ bxc5 30. Rxc5 Rab8 31. Rxa5 Rxb2 32. Ra7 Rb3 33. Re1 Rd3 34. Re2 Rd8 35. Rh2 Kg8 36. Ke4 Rb3 37. Rh3 Re8+ 38. Kf5 Rbxe3 39. Rxe3 Rxe3 40. Kxf6 Rf3+ 41. Ke6 Re3+ 42. Kd6 Kf8 43. a4 Rh3 44. Ra8+ Kf7 45. d5 Rh6+ 46. Kd7 Rh5 47. d6 Rc5 48. a5 Rb5 49. a6 Ra5 50. a7 Ra6 1-0

[Event "Labour Day op"]
[Site "Langley CAN"]
[Date "2011.09.04"]
[Round "4.2"]
[White "Pechisker, Alfred"]
[Black "Villavieja, Butch"]
[Result "1-0"]
[WhiteElo "2265"]
[BlackElo "2323"]
[PlyCount "175"]
[GameId "2160767909648901"]
[EventDate "2011.09.03"]
[EventType "swiss"]
[EventRounds "6"]
[EventCountry "CAN"]
[SourceTitle "EXT 2022"]
[Source "ChessBase"]
[SourceDate "2021.10.06"]
[SourceVersion "1"]
[SourceVersionDate "2021.10.06"]
[SourceQuality "1"]

1. d4 Nf6 2. c4 g6 3. Nc3 Bg7 4. e4 d6 5. f3 O-O 6. Be3 Nc6 7. Nge2 a6 8. Qd2 Na5 9. Nc1 Nd7 10. b4 Nc6 11. Rb1 e5 12. d5 Nd4 13. Nb3 Nxb3 14. Rxb3 b6 15. Be2 f5 16. O-O f4 17. Bf2 g5 18. c5 h5 19. Rc1 Rf7 20. cxd6 cxd6 21. Na4 Bf8 22. Rc6 b5 23. Nb6 Nxb6 24. Bxb6 Qf6 25. Qc1 Bd7 26. Rc7 g4 27. Rxd7 Rxd7 28. Qc6 gxf3 29. Rxf3 Raa7 30. Bxa7 Rxa7 31. Rc3 Qh4 32. Rc1 Qg5 33. Bf3 h4 34. Qc8 Rf7 35. Rc6 Kh7 36. Rxa6 Qe7 37. Ra8 Bg7 38. Qg4 Qb7 39. Qh5+ Bh6 40. Bg4 Qxa8 41. Qxf7+ Kh8 42. Qf6+ Bg7 43. Qxh4+ Kg8 44. Be6+ Kf8 45. Qh7 Qa7+ 46. Kf1 Ke8 47. h4 Qc7 48. Qg8+ Bf8 49. Qg6+ Kd8 50. Qf6+ Ke8 51. Kg1 Bg7 52. Qg6+ Kd8 53. Qg5+ Ke8 54. h5 f3 55. gxf3 Qa7+ 56. Kf1 Bf8 57. Qg6+ Kd8 58. Qf7 Qxf7 59. Bxf7 Ke7 60. Bg6 Bh6 61. Ke2 Bc1 62. Kd3 Ba3 63. Kc3 Bc1 64. Kb3 Bh6 65. a4 bxa4+ 66. Kxa4 Kd7 67. Kb5 Kc7 68. Ka6 Be3 69. b5 Kb8 70. Bf5 Kc7 71. b6+ Kb8 72. Bd7 Bh6 73. Bc6 Be3 74. Kb5 Kc8 75. Kc4 Kd8 76. Kd3 Bf4 77. Ke2 Bh6 78. Kf2 Bf4 79. Kg2 Be3 80. Kg3 Ke7 81. b7 Ba7 82. f4 exf4+ 83. Kxf4 Kf6 84. Be8 Bb8 85. h6 Bc7 86. h7 Kg7 87. Bg6 Bb8 88. Kf5 1-0

[Event "Labour Day op"]
[Site "Langley CAN"]
[Date "2011.09.04"]
[Round "4.12"]
[White "Hui, Jeremy"]
[Black "Davidson, Brian"]
[Result "1-0"]
[WhiteElo "1815"]
[BlackElo "1729"]
[PlyCount "47"]
[GameId "2160767909648902"]
[EventDate "2011.09.03"]
[EventType "swiss"]
[EventRounds "6"]
[EventCountry "CAN"]
[SourceTitle "EXT 2022"]
[Source "ChessBase"]
[SourceDate "2021.10.06"]
[SourceVersion "1"]
[SourceVersionDate "2021.10.06"]
[SourceQuality "1"]

1. e4 e5 2. Nf3 Nc6 3. Bc4 Bc5 4. c3 Nf6 5. d4 exd4 6. cxd4 Bb4+ 7. Bd2 Bxd2+ 8. Nbxd2 d6 9. O-O O-O 10. a3 Bg4 11. Qc2 h6 12. Rfe1 Re8 13. h3 Bh5 14. e5 Bg6 15. Qxg6 dxe5 16. Bxf7+ Kh8 17. Bxe8 Nxe8 18. Nxe5 Nxe5 19. Rxe5 Nf6 20. Nf3 Qd7 21. Rae1 Rg8 22. Re7 Qd6 23. g3 Qd5 24. Ne5 1-0

[Event "Labour Day op"]
[Site "Langley CAN"]
[Date "2011.09.05"]
[Round "5.1"]
[White "Pechisker, Alfred"]
[Black "Lo, Ryan"]
[Result "1-0"]
[WhiteElo "2265"]
[BlackElo "2016"]
[PlyCount "81"]
[GameId "2160767909648903"]
[EventDate "2011.09.03"]
[EventType "swiss"]
[EventRounds "6"]
[EventCountry "CAN"]
[SourceTitle "EXT 2022"]
[Source "ChessBase"]
[SourceDate "2021.10.06"]
[SourceVersion "1"]
[SourceVersionDate "2021.10.06"]
[SourceQuality "1"]

1. d4 Nf6 2. c4 g6 3. Nc3 d5 4. Bg5 Ne4 5. Bh4 Nxc3 6. bxc3 dxc4 7. e3 Be6 8. Rb1 c5 9. Qa4+ Qd7 10. Qxd7+ Nxd7 11. Ne2 b6 12. f3 f5 13. e4 Bg7 14. Kd2 Bf7 15. Kc2 h6 16. Bf2 fxe4 17. fxe4 cxd4 18. cxd4 e5 19. d5 O-O 20. Bg3 Rfc8 21. Nc3 g5 22. Rb4 Bg6 23. Rxc4 Nf6 24. Kb3 Rxc4 25. Bxc4 b5 26. Bxb5 Nxe4 27. Nxe4 Bxe4 28. Rd1 Rd8 29. d6 Bg6 30. Kb4 Be8 31. d7 Bf8+ 32. Ka5 Bh5 33. Re1 a6 34. Kxa6 Bg4 35. Kb7 Bd6 36. Bc4+ Kg7 37. Bxe5+ Bxe5 38. Rxe5 Rxd7+ 39. Kb6 Rd2 40. h3 Bd7 41. Kc5 1-0

[Event "Labour Day op"]
[Site "Langley CAN"]
[Date "2011.09.05"]
[Round "5.2"]
[White "Villavieja, Butch"]
[Black "Doknjas, John"]
[Result "1-0"]
[WhiteElo "2323"]
[BlackElo "2097"]
[PlyCount "173"]
[GameId "2160767909648904"]
[EventDate "2011.09.03"]
[EventType "swiss"]
[EventRounds "6"]
[EventCountry "CAN"]
[SourceTitle "EXT 2022"]
[Source "ChessBase"]
[SourceDate "2021.10.06"]
[SourceVersion "1"]
[SourceVersionDate "2021.10.06"]
[SourceQuality "1"]

1. e4 c5 2. Nf3 d6 3. d4 cxd4 4. Nxd4 Nf6 5. Nc3 a6 6. Rg1 e5 7. Nb3 Be6 8. g4 d5 9. g5 Nxe4 10. Nxe4 dxe4 11. Qxd8+ Kxd8 12. Be3 Kc7 13. Bg2 Nc6 14. Bxe4 Rd8 15. c3 Be7 16. Rd1 Rxd1+ 17. Kxd1 g6 18. Kc2 b6 19. Nd2 f5 20. gxf6 Bxf6 21. Bd3 Kb7 22. Ne4 Be7 23. b3 Bf5 24. f3 Rc8 25. Kb2 Nb8 26. h4 Nd7 27. h5 Nf6 28. hxg6 hxg6 29. Nxf6 Bxf6 30. Be4+ Kc7 31. a4 Rh8 32. Rg2 Rh3 33. Bd5 b5 34. axb5 axb5 35. b4 e4 36. Bf4+ Kd7 37. fxe4 Bxc3+ 38. Kc2 Be6 39. Rxg6 Bxd5 40. exd5 Bxb4 41. Rg7+ Ke8 42. d6 Rc3+ 43. Kb2 Rd3 44. Re7+ Kf8 45. Bh6+ Kg8 46. Rg7+ Kh8 47. d7 Bf8 48. Kc2 Rd5 49. Rg5 Rxd7 50. Bxf8 Rb7 51. Kb3 Rb8 52. Bd6 Rb7 53. Kb4 Kh7 54. Kc5 Rg7 55. Rf5 Rg2 56. Kxb5 Kg6 57. Rf4 Rg5+ 58. Kc6 Rf5 59. Re4 Rf6 60. Kd5 Rf5+ 61. Be5 Rf8 62. Rg4+ Kh5 63. Rg7 Rf5 64. Ke4 Rg5 65. Rh7+ Kg6 66. Rg7+ Kh5 67. Rf7 Rg4+ 68. Kf5 Rg5+ 69. Kf4 Rg4+ 70. Kf3 Rg8 71. Rf6 Rg6 72. Rf4 Rg5 73. Bf6 Rb5 74. Ke4 Kg6 75. Bd4 Ra5 76. Rf6+ Kg5 77. Rf7 Ra6 78. Rf5+ Kg6 79. Rf8 Re6+ 80. Kf4 Ra6 81. Rg8+ Kf7 82. Rg7+ Kf8 83. Kf5 Ke8 84. Ke5 Kd8 85. Kd5 Ra5+ 86. Ke6 Rh5 87. Ra7 1-0

[Event "Labour Day op"]
[Site "Langley CAN"]
[Date "2011.09.05"]
[Round "5.14"]
[White "Davidson, Brian"]
[Black "Sullivan, Brian"]
[Result "1-0"]
[WhiteElo "1729"]
[BlackElo "1591"]
[PlyCount "61"]
[GameId "2160767909648905"]
[EventDate "2011.09.03"]
[EventType "swiss"]
[EventRounds "6"]
[EventCountry "CAN"]
[SourceTitle "EXT 2022"]
[Source "ChessBase"]
[SourceDate "2021.10.06"]
[SourceVersion "1"]
[SourceVersionDate "2021.10.06"]
[SourceQuality "1"]

1. d4 d5 2. Bg5 c6 3. Nd2 Nd7 4. e3 Ngf6 5. Bd3 Qb6 6. Rb1 e6 7. a3 Bd6 8. Ngf3 h6 9. Bh4 Qc7 10. c4 c5 11. cxd5 exd5 12. dxc5 Nxc5 13. Bc2 g5 14. Bg3 Bxg3 15. fxg3 Bg4 16. O-O O-O 17. Rc1 Qb6 18. b4 Nce4 19. Qe1 Bh5 20. Nd4 Rac8 21. Nf5 Kh7 22. Ne7 Rxc2 23. Rxc2 Qe6 24. Nf5 Bg6 25. Nd4 Qd7 26. Rc1 Ng4 27. N2f3 Re8 28. h3 Nxe3 29. Qxe3 Nxg3 30. Nxg5+ hxg5 31. Qxg3 1-0

[Event "Labour Day op"]
[Site "Langley CAN"]
[Date "2011.09.05"]
[Round "6.1"]
[White "McLaren, Brian"]
[Black "Pechisker, Alfred"]
[Result "1/2-1/2"]
[WhiteElo "2178"]
[BlackElo "2265"]
[PlyCount "68"]
[GameId "2160767909648906"]
[EventDate "2011.09.03"]
[EventType "swiss"]
[EventRounds "6"]
[EventCountry "CAN"]
[SourceTitle "EXT 2022"]
[Source "ChessBase"]
[SourceDate "2021.10.06"]
[SourceVersion "1"]
[SourceVersionDate "2021.10.06"]
[SourceQuality "1"]

1. e4 c5 2. Nc3 Nc6 3. g3 g6 4. Bg2 Bg7 5. d3 d6 6. Be3 Nf6 7. h3 Rb8 8. f4 Nd7 9. Nge2 Nd4 10. O-O b5 11. Qd2 b4 12. Nd1 e5 13. Nc1 O-O 14. c3 Nc6 15. f5 Nb6 16. Ne2 f6 17. fxg6 hxg6 18. g4 Qe7 19. Rc1 Be6 20. cxb4 Nxb4 21. a3 Nc6 22. b4 Nd4 23. Rb1 Qd7 24. Nf2 Na4 25. Ng3 a5 26. bxc5 Nb3 27. Qe1 dxc5 28. Kh2 c4 29. dxc4 Bxc4 30. Rh1 Qe7 31. Bf1 Be6 32. h4 Nd4 33. Bxd4 Rxb1 34. Qxb1 exd4 1/2-1/2

[Event "Labour Day op"]
[Site "Langley CAN"]
[Date "2011.09.05"]
[Round "6.2"]
[White "Cheng, Jack"]
[Black "Villavieja, Butch"]
[Result "0-1"]
[WhiteElo "1965"]
[BlackElo "2323"]
[PlyCount "62"]
[GameId "2160767909648907"]
[EventDate "2011.09.03"]
[EventType "swiss"]
[EventRounds "6"]
[EventCountry "CAN"]
[SourceTitle "EXT 2022"]
[Source "ChessBase"]
[SourceDate "2021.10.06"]
[SourceVersion "1"]
[SourceVersionDate "2021.10.06"]
[SourceQuality "1"]

1. e4 c5 2. Nf3 d6 3. d4 cxd4 4. Nxd4 Nf6 5. Nc3 g6 6. Be3 Bg7 7. f3 O-O 8. Qd2 Nc6 9. Bc4 a5 10. a4 Bd7 11. O-O Rc8 12. Bb3 Nxd4 13. Bxd4 Be6 14. Nd5 Bxd5 15. exd5 Nd7 16. Bxg7 Kxg7 17. Qd4+ Kg8 18. Rfe1 Rc5 19. Re3 Re8 20. Rae1 b5 21. Qh4 Nb6 22. axb5 Rxb5 23. Rxe7 Rxe7 24. Rxe7 Nxd5 25. Re4 Nf6 26. Re1 Rb4 27. Qg5 a4 28. Bd5 Rxb2 29. Bc6 Qb6+ 30. Re3 Rxc2 31. Kf1 Rxc6 0-1

[Event "Labour Day op"]
[Site "Toronto CAN"]
[Date "2011.09.03"]
[Round "1"]
[White "Chernik, Dmitry"]
[Black "Divljan, Igor"]
[Result "0-1"]
[WhiteElo "2011"]
[BlackElo "2349"]
[PlyCount "46"]
[GameId "2160767909648909"]
[EventDate "2011.09.03"]
[EventType "swiss"]
[EventRounds "6"]
[EventCountry "CAN"]

1. e4 c5 2. Nf3 e6 3. d3 Nc6 4. g3 Nf6 5. Bg2 d5 6. Qe2 Be7 7. O-O O-O 8. Bg5 Kh8 9. c3 Ng8 10. h4 f6 11. Bd2 e5 12. exd5 Qxd5 13. Nd4 Nxd4 14. cxd4 Qxd4 15. Nc3 Bg4 16. Qe4 Rab8 17. Be3 Qd7 18. Qa4 Qxa4 19. Nxa4 b6 20. b3 Be2 21. Rfe1 Bxd3 22. Rac1 c4 23. bxc4 Ba3 0-1

[Event "Labour Day op"]
[Site "Toronto CAN"]
[Date "2011.09.03"]
[Round "2"]
[White "Divljan, Igor"]
[Black "Inigo, Aquino"]
[Result "1-0"]
[WhiteElo "2349"]
[BlackElo "2126"]
[PlyCount "65"]
[GameId "2160767909648914"]
[EventDate "2011.09.03"]
[EventType "swiss"]
[EventRounds "6"]
[EventCountry "CAN"]

1. d4 d5 2. Nf3 Nf6 3. c4 e6 4. Nc3 Be7 5. Bg5 O-O 6. e3 h6 7. Bh4 b6 8. Qc2 Bb7 9. Bxf6 Bxf6 10. cxd5 exd5 11. g4 c5 12. O-O-O cxd4 13. exd4 Ba6 14. h4 Bxf1 15. Rdxf1 Nc6 16. Qd2 Be7 17. Kb1 Qd6 18. h5 g5 19. hxg6 Qxg6+ 20. Ka1 Bg5 21. Nxg5 hxg5 22. f4 gxf4 23. Qxf4 Nb4 24. a3 Nc2+ 25. Ka2 Rad8 26. Rh6 Qg7 27. Rf6 b5 28. Kb3 b4 29. axb4 Nxb4 30. Kxb4 Rb8+ 31. Ka3 Rb7 32. Rf2 Rfb8 33. Ka2 1-0

[Event "Labour Day op U2000"]
[Site "Toronto CAN"]
[Date "2011.09.03"]
[Round "1"]
[White "Giblon, Rebecca"]
[Black "Armstrong, Robert J"]
[Result "1/2-1/2"]
[WhiteElo "1563"]
[BlackElo "1725"]
[PlyCount "82"]
[GameId "2160767909648916"]
[EventDate "2011.09.03"]
[EventType "swiss"]
[EventRounds "6"]
[EventCountry "CAN"]

1. e4 g6 2. d4 Bg7 3. Nc3 d6 4. Nf3 Nf6 5. Bc4 Nxe4 6. Nxe4 d5 7. Bd3 dxe4 8. Bxe4 O-O 9. O-O Nd7 10. c4 Nf6 11. Bc2 Bg4 12. Re1 c6 13. Bb3 Qc7 14. h3 Bf5 15. Qe2 Rfe8 16. d5 Rad8 17. dxc6 Bd3 18. Qe3 b6 19. c5 Be4 20. cxb6 axb6 21. Ng5 Bd5 22. Bxd5 Rxd5 23. Bd2 Qxc6 24. Rac1 Qd6 25. Qb3 Rxd2 26. Qxf7+ Kh8 27. Qxe8+ Nxe8 28. Nf7+ Kg8 29. Nxd6 Nxd6 30. Rxe7 Bxb2 31. Rcc7 Bd4 32. Red7 Bxf2+ 33. Kf1 Bh4 34. Rg7+ Kf8 35. Rxh7 Bf6 36. Ra7 Ne8 37. Rhb7 Bd4 38. Rb8 Rf2+ 39. Ke1 Rf7 40. Rxf7+ Kxf7 41. Kd2 Bc5 1/2-1/2

[Event "Labour Day op U2000"]
[Site "Toronto CAN"]
[Date "2011.09.03"]
[Round "2"]
[White "Armstrong, Robert J"]
[Black "Wing, Richard"]
[Result "0-1"]
[WhiteElo "1725"]
[BlackElo "1681"]
[PlyCount "72"]
[GameId "2160767909648917"]
[EventDate "2011.09.03"]
[EventType "swiss"]
[EventRounds "6"]
[EventCountry "CAN"]

1. d4 Nf6 2. c4 e6 3. Nf3 c5 4. d5 exd5 5. cxd5 d6 6. Nc3 g6 7. e4 Bg4 8. h3 Bxf3 9. Qxf3 Bg7 10. Bb5+ Nbd7 11. O-O a6 12. Ba4 b5 13. Bc2 O-O 14. Qg3 Re8 15. f3 Qc7 16. Bg5 b4 17. Nd1 Nb6 18. Rc1 a5 19. Re1 Nfd7 20. f4 h6 21. Bh4 c4 22. Bb1 Rac8 23. Kh1 Bd4 24. e5 dxe5 25. f5 g5 26. Bxg5 hxg5 27. Qxg5+ Kf8 28. f6 Nxf6 29. Qxf6 Nxd5 30. Qg5 Qd6 31. Rf1 e4 32. Rf5 e3 33. Qh5 Rc7 34. Rxc4 e2 35. Rxd4 e1=Q+ 36. Rf1 Qxf1# 0-1

[Event "Labour Day op U2000"]
[Site "Toronto CAN"]
[Date "2011.09.04"]
[Round "3"]
[White "Syed, Ali"]
[Black "Armstrong, Robert J"]
[Result "0-1"]
[WhiteElo "1564"]
[BlackElo "1725"]
[PlyCount "98"]
[GameId "2160767909648918"]
[EventDate "2011.09.03"]
[EventType "swiss"]
[EventRounds "6"]
[EventCountry "CAN"]

1. e4 g6 2. Nc3 Bg7 3. f4 d6 4. Nf3 Nf6 5. Bc4 Nxe4 6. Bxf7+ Kxf7 7. Nxe4 Re8 8. O-O Kg8 9. c3 d5 10. Nc5 Nc6 11. Qe1 e5 12. fxe5 Nxe5 13. Nxe5 Rxe5 14. Qd1 b6 15. d4 Rh5 16. Nd3 Qh4 17. Bf4 Bh6 18. Bg3 Be3+ 19. Nf2 Qg5 20. Qf3 Bg4 21. h4 Bxf3 22. hxg5 Rxg5 23. Kh2 Be2 24. Rfe1 Bxf2 25. Bxf2 Bd3 26. Re5 Rxe5 27. dxe5 Kf7 28. Bg3 Ke6 29. Re1 Be4 30. Rf1 Bf5 31. Re1 c5 32. a3 Rc8 33. Kg1 d4 34. Rd1 Kd5 35. Kf2 d3 36. Ke3 b5 37. Bh2 h5 38. Rc1 Kc4 39. Rd1 a5 40. Kf4 Kb3 41. Rd2 b4 42. axb4 cxb4 43. cxb4 axb4 44. Bg1 Rc2 45. Ke3 Rxd2 46. Kxd2 Kxb2 47. Bd4+ Ka2 48. e6 Bxe6 49. Kxd3 b3 0-1

[Event "Labour Day op U2000"]
[Site "Toronto CAN"]
[Date "2011.09.04"]
[Round "4"]
[White "Armstrong, Robert J"]
[Black "Zhang, John"]
[Result "0-1"]
[WhiteElo "1725"]
[BlackElo "1640"]
[PlyCount "78"]
[GameId "2160767909648919"]
[EventDate "2011.09.03"]
[EventType "swiss"]
[EventRounds "6"]
[EventCountry "CAN"]

1. d4 Nf6 2. c4 g6 3. Nc3 Bg7 4. e4 d6 5. f3 O-O 6. Be3 Nc6 7. Nge2 e5 8. d5 Ne7 9. g4 Ne8 10. h4 f5 11. gxf5 gxf5 12. Bg5 Nf6 13. Qd2 fxe4 14. fxe4 Qe8 15. h5 Ng4 16. h6 Bf6 17. Nb5 Qd8 18. Bh3 Nf2 19. Bxf6 Rxf6 20. Rg1+ Ng6 21. Bxc8 Qxc8 22. Qe3 a6 23. Nbc3 Nh3 24. Rg3 Nhf4 25. O-O-O Qf8 26. Rdg1 Qxh6 27. Kb1 Qg7 28. Rg4 Raf8 29. Ng3 Kh8 30. Nf5 Qd7 31. Ne2 Nxe2 32. Qxe2 c6 33. Qh2 Qf7 34. Rh1 cxd5 35. cxd5 Rxf5 36. exf5 Qxf5+ 37. Kc1 Rc8+ 38. Kd1 Qxg4+ 39. Kd2 Qd4+ 0-1

[Event "Labour Day op U2000"]
[Site "Toronto CAN"]
[Date "2011.09.05"]
[Round "5"]
[White "Laporte, Richard"]
[Black "Armstrong, Robert J"]
[Result "0-1"]
[WhiteElo "1604"]
[BlackElo "1725"]
[PlyCount "73"]
[GameId "2160767909648920"]
[EventDate "2011.09.03"]
[EventType "swiss"]
[EventRounds "6"]
[EventCountry "CAN"]

1. e4 g6 2. d4 Bg7 3. Nc3 d6 4. Be3 Nf6 5. f3 O-O 6. g4 Nc6 7. Nge2 e5 8. d5 Ne7 9. Ng3 Nd7 10. h4 f5 11. gxf5 gxf5 12. Nh5 f4 13. Nxg7 Kxg7 14. Bd2 Kh8 15. h5 Nf6 16. Qe2 c6 17. dxc6 bxc6 18. O-O-O Be6 19. Kb1 Rg8 20. Qh2 Rg5 21. Qh4 Qg8 22. h6 Qg6 23. Be2 Rh5 24. Qf2 Qxh6 25. Rxh5 Qxh5 26. Bc1 Qf7 27. Nb5 Bxa2+ 28. Ka1 Ng6 29. Qc5 Be6 30. Bd3 Rc8 31. Qxd6 Nd7 32. Nc7 Bf5 33. Nd5 Qe7 34. Qc7 Nb6 35. Qb8 Qf8 36. Re1 Rc7 37. Rg1 0-1

[Event "Labour Day op U2000"]
[Site "Toronto CAN"]
[Date "2011.09.05"]
[Round "6"]
[White "Armstrong, Robert J"]
[Black "Aghamalian, Derick"]
[Result "1-0"]
[WhiteElo "1725"]
[BlackElo "1605"]
[PlyCount "37"]
[GameId "2160767909648921"]
[EventDate "2011.09.03"]
[EventType "swiss"]
[EventRounds "6"]
[EventCountry "CAN"]

1. d4 d5 2. c4 e6 3. e3 Nf6 4. Nf3 Bd7 5. Bd3 c6 6. O-O Bd6 7. Nc3 O-O 8. b3 Qc7 9. Bb2 b6 10. Rc1 dxc4 11. bxc4 c5 12. Nb5 Bxb5 13. cxb5 Qe7 14. e4 Nfd7 15. e5 Bc7 16. Be4 Na6 17. Bxa8 Rxa8 18. bxa6 Rd8 19. Qb3 1-0

[Event "MCA Champions"]
[Site "Winnipeg CAN"]
[Date "2011.11.01"]
[Round "1"]
[White "Kaptsan, Aron"]
[Black "Zaczek, Jonathon"]
[Result "1/2-1/2"]
[WhiteElo "2043"]
[BlackElo "2114"]
[PlyCount "89"]
[GameId "2160767909647765"]
[EventDate "2011.11.01"]
[EventType "swiss"]
[EventRounds "6"]
[EventCountry "CAN"]
[SourceTitle "EXT 2019"]
[Source "ChessBase"]
[SourceDate "2018.10.10"]
[SourceVersion "1"]
[SourceVersionDate "2018.10.10"]
[SourceQuality "1"]

1. d4 Nf6 2. c4 g6 3. Nc3 d5 4. Bd2 Bg7 5. Rc1 O-O 6. cxd5 Nxd5 7. e4 Nb6 8. Be3 Nc6 9. d5 Ne5 10. Bd4 c6 11. dxc6 Nxc6 12. Bxg7 Kxg7 13. Nf3 Bg4 14. Be2 Bxf3 15. Bxf3 Nc4 16. b3 N4e5 17. O-O Qa5 18. Qd5 Qa3 19. Qb5 Rfd8 20. Qe2 Nd4 21. Qe3 Ndxf3+ 22. gxf3 Rd3 23. Qf4 Qd6 24. Nb5 Rxf3 25. Qg5 h6 26. Nxd6 hxg5 27. Nxb7 Rh8 28. Rc7 Rfh3 29. f4 gxf4 30. Rxf4 Nd3 31. Rf1 Rxh2 32. Rxe7 Rh1+ 33. Kg2 Ne1+ 34. Rxe1 Rxe1 35. Nd6 Re2+ 36. Kf3 Rxa2 37. Rxf7+ Kh6 38. e5 Rh7 39. Rf6 Ra5 40. Ke4 Kg5 41. Nf7+ Kg4 42. Rxg6+ Kh5 43. Rg5+ Kh4 44. Rf5 Kg4 45. Rg5+ 1/2-1/2